000 00528nam a2200181 a 4500
005 20140412111310.0
008 010307s19uu xx 00 eng d
020 _a0-14-050639-X
050 _aER E
_bEa16 1978
050 _aTR(PS
_bEa16 1978
100 _aAhlberg, Janet and Allan
245 _aEach peach pear plum /
_cJanet and Allan Ahlberg.
260 _aAuckland, New Zealand :
_bPuffin Books,
_c1978.
300 _a1 v. (unp.) ; ill.
650 _aChildrens' stories -- Fiction
999 _c103954
_d103954